Essen (Germany) A-Z - Statistics

General Stats
  • This quiz has been taken 20 times
  • The average score is 15 of 29
Answer Stats
# Clue Answer % Correct
U Name for the Subway U-Bahn
86%
Z Famous Mine Complex in the North Zollverein
79%
C Meaning of the first part of Kupferdreh Copper
71%
P Country/State that governed Essen from 1803-06 & 1813-1932 Prussia
71%
R Abbrevation for the local Soccerclub and a DAX-Company RWE
71%
S Local Brewery Stauder
71%
E River in Karnap Emscher
64%
V Neighboring City Velbert
64%
X Famous Roman City 45km(28 miles) from Essen Xanten
64%
A Old name of Burgaltendorf Altendorf
57%
Y Quarter that starts with B and ends on Y Bredeney
57%
F Quarter west of the City Centre Frohnhausen
57%
G Park that lies South of the Teaching Hospital Gruga
57%
H Quarter at the Baldeneysee Heisingen
57%
K Quarter that was incorporated in 1975 Kettwig
57%
W Town that was incorporated 1929 Werden
57%
Ü Name of the combined quarters Hinsel & Holthausen Überruhr
50%
Ä Title of the Head of State from 845-1803 Äbtissin
43%
I Castle above the Baldeneysee named after a castle in Hattingen Neue Isenburg
43%
N Quarter near the City Centre Nordviertel
43%
B Monastic Order who ruled the southern Half of Essen (877-1803) Benedictines
36%
D Ruhr-Tributary in Kupferdreh Deilbach
36%
O Quarter near the City Centre Ostviertel
36%
T Meaning of #Z Tariff-Union
36%
J Foreign Head of State who visited Essen on 02.May.1987 John Paul II
29%
L Frisian Saint buried in the Abbey of #W (†809) Liudger
29%
M Castle Type that was Haus Vittinghoff Motte and Bailey
29%
Q Spring in #K : Oefter ______ Oefter Quelle
29%
Ö Castle & Golf Club in #K Öfte
29%
No matching quizzes found
Score Distribution
Percent of People with Each Score
Percentile by Number Answered
Your Score History
You have not taken this quiz